000 00217 a2200109 4500
020 _a653855038898
041 _aeng
100 _aDelta Education
245 _aSceience Diccionary Level 1
942 _cBK
952 _71
999 _c22921
_d22921